| 000 | 00961nam a2200277Ia 4500 | ||
|---|---|---|---|
| 003 | OSt | ||
| 005 | 20220918170854.0 | ||
| 006 | a|||||r|||| 00| 0 | ||
| 007 | ta | ||
| 008 | 220917b |||||||| |||| 00| 0 eng d | ||
| 020 |
_a9780748697281 (pbk) _cUKP 26.99 |
||
| 024 | _a328,886 | ||
| 037 |
_b13526, 19/03/2018, Elite Publishers Distributors _cTextual |
||
| 040 |
_aARTS _cARTS _beng |
||
| 041 |
_2eng _aeng |
||
| 082 | _aR853xN25:g, Q8 | ||
| 100 |
_aSomers-Hall Henry Ed. _931864 |
||
| 245 | 0 | _aThousand plateaus and philosophy | |
| 260 |
_aEdinburgh _bEdinburgh University Press UK _c2018 |
||
| 300 |
_aix,293p. _ccm. |
||
| 650 | _aDELEUZE, GILLES; PHILOSOPHERS | ||
| 700 |
_a Bell Jeffrey A. Ed. _931865 |
||
| 700 |
_a Williams James Ed. _931866 |
||
| 942 |
_hR853xN25:g, Q8 _cTEXL _2CC |
||
| 999 |
_c136369 _d136369 |
||